| 000 | 00912nam a2200277 i 4500 | ||
|---|---|---|---|
| 003 | DO-SdBNP | ||
| 005 | 20250225102512.0 | ||
| 007 | ta | ||
| 008 | 250225b2011 dr ac||| |||| 00| 0 spa d | ||
| 020 | _a9789945412550 | ||
| 040 |
_aDO-SdBNP _bspa _cBNPHU _erda |
||
| 041 | 1 | 7 |
_aeng _hspa |
| 082 | 4 |
_axxx _bxxx _222 |
|
| 110 | 1 |
_aRepública Dominicana. _bFundación Global Democracia y Desarrollo. _987055 |
|
| 245 | 1 | 0 |
_aNuevas perspectivas : _bRepública Dominicana / _cprólogo, Leonel Fernández |
| 250 | _asegunda edición | ||
| 264 | 4 |
_aSanto Domingo : _bEditora FUNGLODE, _c©2011. |
|
| 300 |
_a270 páginas _bilustraciones, retratos ; _c27 cm. |
||
| 336 |
_atexto _btxt _2rdacontent |
||
| 337 |
_asin mediación _bn _2rdamedia |
||
| 338 |
_avolumen _bnc _2rdacarrier |
||
| 590 | _aInventariado, 2025/BT | ||
| 700 | 1 |
_aFernández, Leonel, _eprologuista _4pr. _980364 |
|
| 910 | _aBtavárez | ||
| 942 |
_2ddc _cLBS1 |
||
| 999 |
_c58224 _d58224 |
||